logo

Bir Sreshtho Munshi Abdur Rouf Library
Jhenaidah Cadet College

ভারতীয় সভ্যতা / (Record no. 8002)

MARC details
000 -LEADER
fixed length control field 00586nam a22001937a 4500
003 - CONTROL NUMBER IDENTIFIER
JCCL marc code BD-JhCC
005 - DATE AND TIME OF LATEST TRANSACTION
control field 20180717104124.0
008 - FIXED-LENGTH DATA ELEMENTS--GENERAL INFORMATION
fixed length control field 180217b ii ||||| |||| 00| 0 ben d
035 ## - SYSTEM CONTROL NUMBER
system control number (BD-JhCC)
040 ## - CATALOGING SOURCE
Original cataloging agency BD-JhCC
Modifying agency BD-JhCC
041 ## - LANGUAGE CODE
Language code of Book ben
082 ## - DEWEY DECIMAL CLASSIFICATION NUMBER
Classification number 370
Author mark and Year SEN
100 ## - MAIN ENTRY--PERSONAL NAME
Personal name সেনগুপ্ত, শ্রীসুবোধকুমার
245 ## - TITLE STATEMENT
Title ভারতীয় সভ্যতা /
Statement of responsibility, etc শ্রীসুবোধকুমার সেনগুপ্ত
300 ## - PHYSICAL DESCRIPTION
Pagination 720 p. :
Dimensions 22 cm.
650 ## - SUBJECT ADDED ENTRY--TOPICAL TERM
Topical term or geographic name as entry element Education System
942 ## - ADDED ENTRY ELEMENTS (KOHA)
Source of classification or shelving scheme Dewey Decimal Classification
Koha item type Books
Holdings
Source of classification or shelving scheme Damaged status Not for loan Home library Current library Shelving location Date of accession Total Checkouts Full call number Barcode Date last seen Copy number Koha item type
Dewey Decimal Classification     JCC Rouf Library JCC Rouf Library General Stacks 02/17/2018   370 SEN 1185 02/17/2018 C-1 Books

JCC Library | Contacts | JCC Home

Last Update on 23 September 2017
Copyright @ 2017-2020 JCC Rouf Library
Rouf Library, Jhenidah Cadet College (JCC), Bangladesh